| 000 | 00795cab a2200241 4500 | ||
|---|---|---|---|
| 001 | WB3515-30 | ||
| 008 | 090401t1999 xxu||||| |||| 00| 0 eng d | ||
| 035 | _a(Sirsi) u92936 | ||
| 041 | _aeng | ||
| 245 | _aFarmers sniff out deal on sewage | ||
| 260 | _c1999 | ||
| 350 | _a0 | ||
| 490 |
_aBirmingham Post _v22 April 1999, 26(1) |
||
| 520 | _aThe National Farmers Union has indicated its support for the use of sewage sludge as a fertiliser on agricultural land, however it says that there must be adequate safeguards to ensure that consumer confidence is not eroded. | ||
| 650 | _aFARMLAND | ||
| 650 | _aFERTILISERS | ||
| 650 | _aNATIONAL FARMERS UNION | ||
| 650 | _aSEWAGE SLUDGE | ||
| 650 | _aWASTE MANAGEMENT | ||
| 690 | _aRURAL PRACTICE | ||
| 942 | _n0 | ||
| 948 | _c22/04/1999 | ||
| 999 |
_c58895 _d58895 |
||